| 000 | 00623nam a22002177a 4500 | ||
|---|---|---|---|
| 003 | BUBTL | ||
| 008 | 171120b xxu||||| |||| 00| 0 eng d | ||
| 020 | _a0-13-120203-0 | ||
| 082 |
_a658.4 _bROM |
||
| 100 |
_998 _aRobbins, Stephen P. |
||
| 245 |
_aOrganizational Behavior _cRobbins, Stephen P. |
||
| 250 | _a10th | ||
| 260 |
_aNew Jersey _bPrentice _c2003 |
||
| 300 |
_a[xxix] , 636p . : _bill ,Graph ; 22cm . _cManagement . |
||
| 500 | _aIncludes Index . | ||
| 650 | 0 |
_939 _aManagement |
|
| 700 |
_998 _aRobbins, Stephen P. |
||
| 856 |
_k0 _l0 _yDownload |
||
| 942 |
_2ddc _cBK |
||
| 999 |
_c5546 _d5546 |
||